| 000 | 00807nam a22002535a 4500 | ||
|---|---|---|---|
| 008 | 150817b2003 ii a frb 001 0 eng d | ||
| 020 | _a8120320913 | ||
| 020 | _a9788120320918 | ||
| 040 |
_aEG-ScBUE _beng _cEG-ScBUE |
||
| 082 | 0 | 4 |
_a620.11296 _bGHO _222 |
| 100 | 1 | _aGhosh, Ahindra | |
| 245 | 1 | 0 |
_aTextbook of materials and metallurgical thermodynamics / _c Ahindra Ghosh. |
| 260 |
_aNew Delhi : _bPrentice Hall of India, _c2003. |
||
| 300 |
_axix, 280 p. : _bill. ; _c25 cm. |
||
| 500 | _aIndex : p. 277-280. | ||
| 500 | _aAnswer to problems : p. 273-276. | ||
| 590 | _aMenna Elemam | ||
| 650 |
_aMetallurgy _2BUEsh |
||
| 650 |
_aThermodynamics _2BUEsh |
||
| 650 |
_aMaterials _xthermal properties _2BUEsh |
||
| 651 | _2BUEsh | ||
| 653 | _cAugust2015 | ||
| 942 |
_cNB _k620.11296 GHO _2ddc |
||
| 999 |
_c6364 _d844 |
||